Anagrams of Band Names - Statistics

General Stats
  • This quiz has been taken 49 times
  • The average score is 7 of 28
Answer Stats
Anagram Band name % Correct
oott Toto
95%
deeelpppru Deep Purple
74%
aeegls Eagles
68%
ejnoruy Journey
68%
abeeehlstt The Beatles
68%
ehhotw The Who
63%
abder Bread
50%
acdeeflmootw Fleetwood Mac
39%
dfiklonpy Pink Floyd
34%
abdehnt The Band
26%
eeehkmnost The Monkees
26%
ehikknst The Kinks
21%
eehhillost The Hollies
16%
bcginortuy Big Country
13%
bdeilno Blondie
13%
aoqssttuu Status Quo
11%
adeeegnooprsw REO Speedwagon
8%
adeelnsty Steely Dan
8%
adeiirrsstt Dire Straits
5%
eeeillmrstv Steve Miller Band
5%
aempprrstu Supertramp
5%
accceeeghhiillorrrsttt Electric Light Orchestra
3%
acefiinnnoooprrttv Fairport Convention
3%
abcdeelnou Deacon Blue
0%
aaddeefglrtu Grateful Dead
0%
aegghinnrrt Night Ranger
0%
aaceeinnrss Renaissance
0%
abehhinossw Wishbone Ash
0%
No matching quizzes found
Score Distribution
Percent of People with Each Score
Percentile by Number Answered
Your Score History
You have not taken this quiz